000 00934nam a2200265Ia 4500
003 OSt
005 20220926003231.0
006 a|||||r|||| 00| 0
007 ta
008 220923b |||||||| |||| 00| 0 eng d
020 _a8185229945
_c531.25
037 _bRTL09-10/024, 24/03/2009, INDEPENDENT PUBLISHERS GROUP
_cGeneral Book
040 _aRTL
_cRTL
_beng
041 _2eng
_aeng
082 _aX625:6(Y31).2, P5
100 _aRamachandran V K Ed.
_940472
245 0 _aFinancial liberalization and rural credit in India
260 _a New Delhi
_bOxford University Press
_c2005
300 _axliii, 365p.
_ccm.
500 _aBibliography chapterwise
650 _aEconomics
700 _a Swaminathan Madhura Ed.
_939673
942 _hX625:6(Y31).2, P5
_cGB
_2CC
999 _c607296
_d607296